Las catedrales /
El español Jesús Fernández Santos (1926-1988) aunque trabajó como guionista para cine, teatro y televisión, es conocido mayormente por su obra literaria, que le valió numerosos reconocimientos, como el Premio Gabriel Miró, el Premio de la Crítica, el Premio Nadal, el Premio Planeta y el Premio Nacio...
Guardado en:
| Hovedforfatter: | |
|---|---|
| Format: | Bog |
| Sprog: | spansk |
| Udgivet: |
Barcelona, España :
Argos Vergara,
1979, c1979
|
| Serier: | (Libros de Bolsillo Argos Vergara ;
4) |
| Fag: | |
| Tags: |
Ingen Tags, Vær først til at tagge denne postø!
|
MARC
| LEADER | 00000nam^a2200000^a^4500 | ||
|---|---|---|---|
| 001 | 000184801 | ||
| 005 | 20250521000000.0 | ||
| 009 | 20260310102130.154 | ||
| 020 | |a 84-7017-679-X | ||
| 037 | |a Acervo ITESO - Biblioteca | ||
| 041 | |a ESP | ||
| 082 | |a 863. |b FER | ||
| 100 | |a Fernández Santos, Jesús |e (autor) | ||
| 245 | 1 | 4 | |a Las catedrales / |c J. Fernández Santos. |
| 264 | 4 | |a Barcelona, España : |b Argos Vergara, |c 1979, c1979 | |
| 300 | |a 185 p. | ||
| 336 | |a texto |b txt |2 rdacontenido | ||
| 337 | |a sin mediación |b n |2 rdamedio | ||
| 338 | |a volumen |b nc |2 rdasoporte | ||
| 440 | 1 | |a (Libros de Bolsillo Argos Vergara ; |v 4) | |
| 520 | |a El español Jesús Fernández Santos (1926-1988) aunque trabajó como guionista para cine, teatro y televisión, es conocido mayormente por su obra literaria, que le valió numerosos reconocimientos, como el Premio Gabriel Miró, el Premio de la Crítica, el Premio Nadal, el Premio Planeta y el Premio Nacional de Literatura. Algunos de sus títulos son: Los bravos (1954), En la hoguera (1957), Laberintos (1964), El hombre de los santos (1969), Las catedrales (1970), Libro de las memorias de las cosas (1971), La que no tiene nombre (1977), Extramuros (1977), Cabrera (1981), Jaque a la dama (1982), Los jinetes del alba (1984), El griego (1985) y Balada de amor y soledad (1987), entre otros. | ||
| 649 | |a XX | ||
| 650 | |a Novela Española | ||
| 650 | |a Literatura Española - |y Siglo XX | ||
| 910 | |a Fondo General | ||
| 920 | |a Impresos - Libros | ||
| 930 | |a Colección General | ||
| 940 | |a Literatura | ||
| 905 | |a 101 | ||
| 901 | |a 0500126139 |b IT1 |c LIT |u 20250521 | ||
| 902 | |a https://opac.biblio.iteso.mx/vufind/Record/000184801 | ||